00286nam a2200121Ia 45000030006000000080041000060400015000471000017000622450025000792600031001045460012001350050017001470STCL150530s9999 xx 000 0 und d aSTCLcSTCL aThomas Hardy aReturn of the native bNew American libraryc1959 aEnglish20220125171039.0